<?xml version="1.0" encoding="UTF-8"?>
<collection xmlns="http://www.loc.gov/MARC21/slim">
 <record>
  <leader>01218nam a22002057a 4500</leader>
  <controlfield tag="001">NCT_149080</controlfield>
  <controlfield tag="008">230425b        xxu||||| |||| 00| 0 vie d</controlfield>
  <datafield tag="999" ind1=" " ind2=" ">
   <subfield code="c">7685</subfield>
   <subfield code="d">7685</subfield>
  </datafield>
  <datafield tag="020" ind1=" " ind2=" ">
   <subfield code="a">9786049842801</subfield>
   <subfield code="c">sách tặng</subfield>
  </datafield>
  <datafield tag="082" ind1="0" ind2="4">
   <subfield code="2">23rd ed.</subfield>
   <subfield code="a">895.9</subfield>
   <subfield code="b">Ph500</subfield>
  </datafield>
  <datafield tag="100" ind1="1" ind2=" ">
   <subfield code="a">Trình Quang Phú</subfield>
  </datafield>
  <datafield tag="245" ind1="1" ind2="0">
   <subfield code="a">Ký sự xứ người</subfield>
   <subfield code="c">Trình Quang Phú</subfield>
  </datafield>
  <datafield tag="250" ind1=" " ind2=" ">
   <subfield code="a">Tái bản có sửa chữa và bổ sung ảnh của tác giả và tư liệu</subfield>
  </datafield>
  <datafield tag="260" ind1=" " ind2=" ">
   <subfield code="a">H.</subfield>
   <subfield code="b">Hội Nhà văn</subfield>
   <subfield code="c">2019</subfield>
  </datafield>
  <datafield tag="300" ind1=" " ind2=" ">
   <subfield code="a">519 tr.</subfield>
   <subfield code="b">ảnh màu</subfield>
   <subfield code="c">21cm</subfield>
  </datafield>
  <datafield tag="520" ind1="3" ind2=" ">
   <subfield code="a">Với lối viết dung dị, bút pháp tả thực, biết khai thác những điều bình thường gây xúc động, tác phẩm của Trình Quang Phú dễ đi vào lòng người, nhất là bạn đọc trẻ - một hiện tượng đặc biệt mà không phải nhà văn, người cầm bút nào cũng có thể làm được.</subfield>
  </datafield>
  <datafield tag="653" ind1=" " ind2=" ">
   <subfield code="a">Tham khảo</subfield>
  </datafield>
  <datafield tag="942" ind1=" " ind2=" ">
   <subfield code="2">ddc</subfield>
   <subfield code="c">BK</subfield>
  </datafield>
  <datafield tag="952" ind1=" " ind2=" ">
   <subfield code="0">0</subfield>
   <subfield code="1">0</subfield>
   <subfield code="2">ddc</subfield>
   <subfield code="4">0</subfield>
   <subfield code="6">895_900000000000000_PH500</subfield>
   <subfield code="7">0</subfield>
   <subfield code="9">27541</subfield>
   <subfield code="a">000001</subfield>
   <subfield code="b">000001</subfield>
   <subfield code="d">2023-04-25</subfield>
   <subfield code="o">895.9 Ph500</subfield>
   <subfield code="p">TK.03283</subfield>
   <subfield code="r">2023-04-25</subfield>
   <subfield code="w">2023-04-25</subfield>
   <subfield code="y">BK</subfield>
  </datafield>
  <datafield tag="980" ind1=" " ind2=" ">
   <subfield code="a">Thư viện Trường Đại học Nam Cần Thơ</subfield>
  </datafield>
 </record>
</collection>
